| 000 | 00000nam##2200000za#4500 |
| 001 | 9.623618 |
| 003 | CaOODSP |
| 005 | 20240212134142 |
| 007 | ta |
| 008 | 150406|1996||||xxc||||| f|0| 0 fre|d |
| 020 | |a0-662-80787-1 |
| 022 | |a1713-0646 |
| 040 | |aCaOODSP|bfre |
| 043 | |an-cn--- |
| 086 | 1 |aNE22-1/1996-2F |
| 110 | 1 |aCanada. |bOffice national de l'énergie. |
| 245 | 10|aRelativement à Interprovincial Pipe Line Inc.; Westspur Pipe Line Company Inc. : |bdemandes modifiées du 7 septembre 1995 visant les installations d'agrandissement du réseau et la méthode de conception des droits |
| 260 | |aCalgary - Alberta : |bOffice national de l'énergie |cJanvier 1996. |
| 300 | |aii, 17p. : |bfigure, tableaux ; |c28 cm. |
| 490 | 1 |aMotifs de décision|x1713-0646 |
| 563 | |aCouverture souple |
| 590 | |a96-07|b1996-02-16 |
| 775 | 08|tIn the matter of Interprovincial Pipe Line Inc.; Westspur Pipe Line Company Inc. : |w(CaOODSP)9.612726 |
| 776 | 0#|tMotifs de décision relativement à Interprovincial Pipe Line Inc., Westspur Pipe Line Company Inc. : |w(CaOODSP)9.602837 |
| 830 | #0|aMotifs de décision (Canada. Office national de l'énergie)|x1713-0646|w(CaOODSP)9.513162 |
| 986 | |aOHW-2-95 |